| 000 | 00502nam a2200193Ia 4500 | ||
|---|---|---|---|
| 005 | 20240823054510.0 | ||
| 008 | 240823s9999||||xx |||||||||||||| ||und|| | ||
| 020 | _a978-93-5024-932-1 | ||
| 041 | _aENGLISH | ||
| 082 | _A332.642 Q1 | ||
| 100 | _aVikas Kumar Thakur | ||
| 245 | 0 | _aFirst Step Towards the Stock Markets in India | |
| 250 | _a1st | ||
| 260 |
_c2011 _b"Himalaya Publishing House, M" |
||
| 500 | _aYES | ||
| 650 |
_aStock Market _bManagement Studies |
||
| 942 | _cBK | ||
| 999 |
_c226595 _d226595 |
||